000 00277 a2200121 4500
001 12612
090 _c9625
_d9625
100 _aBaylis, John
245 _aGlobalization of World politics, 2/e
250 _a2
260 _alondon
_bOxford university Press
_c2001
300 _axxx, 690p.
942 _aNUST-CAE
999 _c247685
_d247685